Coldest Cities in California - Statistics

General Stats
  • This quiz has been taken 33 times
  • The average score is 6 of 20
Answer Stats
High Temp (F) Answer % Correct
64.8 San Francisco
85%
59.7 Eureka
63%
66.8 Oakland
59%
67.6 Berkeley
41%
64.7 Monterey
37%
68.5 Santa Cruz
37%
58.8 Truckee
37%
58.7 Crescent City
33%
69.2 San Rafael
22%
69.9 Santa Maria
22%
68.0 Yreka
22%
68.7 Oxnard
19%
68.1 Salinas
19%
57.6 Tahoe City
15%
62.9 Big Bear Lake
11%
62.8 Half Moon Bay
11%
66.9 Nevada City
11%
67.9 Watsonville
11%
69.0 Santa Monica
7%
67.9 Newport Beach
4%
No matching quizzes found
Score Distribution
Percent of People with Each Score
Percentile by Number Answered
Your Score History
You have not taken this quiz